The Administration of war production

Bibliographic Details
Main Author: SCOTT
Other Authors: Hughes
Format: Book
Language:English
Published: London H. M. S. O. & Longmans 1955
Series:History Of The Second World War United Kingdom Vivil Series
Subjects:
LEADER 00701cam a2200217 a 4500
001 0000042596
005 19990531090000.0
040 |a mod 
041 |a eng 
020 0 0 |a T000017356 
090 0 0 |a 940.542  |b SCO 
100 1 0 |a SCOTT  |h J. D 
245 1 4 |a The Administration of war production  |c by J. D. Scott & Richard Hughes 
260 0 0 |a London  |b H. M. S. O. & Longmans  |c 1955 
300 0 0 |a xii, 544p.  |c 24cm 
440 0 0 |a History Of The Second World War United Kingdom Vivil Series 
650 0 0 |a Munitions  |z Great Britain 
650 0 0 |a World War, 1939-1945  |x Economic aspects  |z Great Britain 
700 1 1 |a Hughes  |h Richard 
852 0 0 |a 01 
999 |a 0092701  |b KEMENTAH  |d BOOKS  |e Rujukan  |f Perpustakaan KEMENTAH  |j AVAILABLE  |q OLD